000 00696nam a2200265Ia 4500
005 20250425161855.0
008 250425s9999 xx 000 0 und d
020 _a9584100165
041 _aspa
043 _ack
082 _a658.314
100 _aCOOK, MARSHALL J.
245 0 _aCOACHING EFECTIVO: COMO APROVECHAR LA MOTIVACION OCULTA DE SU FUERZA LABORAL
250 _a1A ED.
260 _aBOGOTA
260 _aColombia
_bMCGRAW-HILL
_c2000
300 _a174
500 _aTítulo Traducido: EFFECTIVE COACHING
650 _aEMPLEADOS
650 _aESTRATEGIAS
650 _aMOTIVACION
700 _aMARIA VICTORIA MEJIA DUQUE
_etraductor
942 _c01
010 _a33249
999 _c217878
_d217878